00887nac a22002537a 4500001001000000003000900010005001700019008003400036040005400070072001300124100001800137100001800155110006200173245016200235260003500397300000900432490009600441650002100537650001400558650002800572650001000600650001100610650001200621BR8705792BR-BrBNA20240105120552.0230509b bl.|||m| |||| 00| 0 por d aBR-BrBNAbporcBiblioteca Nacional de Agricultura aF30; F081 aSerpa, J.E.S.1 aBarreto, A.C.1 aCentro Nacional de Pesquisa de Coco, Aracaju, SE (Brasil)1 aAvaliacao de cultivares de algodao herbaceo e de arranjos espaciais na consorciacao com o milho e o feijao na microrregiao homogenea 130 do estado de Sergipe3 aAracaju, SE (Brasil): c1986.  a3 p. aPesquisa em Andamento - Centro Nacional de Pesquisa de Coco (Brazil)vno. 4xISSN 0101-7357 aALGODAO HERBACEO aVARIEDADE aCONSORCIACAO DE CULTURA aMILHO aFEIJAO aSERGIPE